Normal view
MARC view
Entry Geographic Name
001 - CONTROL NUMBER
- control field: 1011
003 - CONTROL NUMBER IDENTIFIER
- control field: OSt
005 - DATE AND TIME OF LATEST TRANSACTION
- control field: 20140909153931.0
008 - FIXED-LENGTH DATA ELEMENTS
- fixed length control field: 140909|| aca||aabn | a|a d
040 ## - CATALOGING SOURCE
- Original cataloging agency: OSt
- Transcribing agency: OSt
151 ## - HEADING--GEOGRAPHIC NAME
- Geographic name: Africa, Southern
- General subdivision: Economic conditions.
670 ## - SOURCE DATA FOUND
- Source citation: Work cat.: (OSt)385: Poku, Nana, 1971- 1007, Regionalization and security in Southern Africa /, 2001.
